Pay negotiations in the public service, 1976-86 (Record no. 14902)

000 -LEADER
fixed length control field 00359pab a2200133 454500
008 - FIXED-LENGTH DATA ELEMENTS--GENERAL INFORMATION
fixed length control field 180718b1986 xxu||||| |||| 00| 0 eng d
100 ## - MAIN ENTRY--PERSONAL NAME
Personal name McGinley, Michale
245 ## - TITLE STATEMENT
Title Pay negotiations in the public service, 1976-86
260 ## - PUBLICATION, DISTRIBUTION, ETC.
Date of publication, distribution, etc. 1986
300 ## - PHYSICAL DESCRIPTION
Extent 470-504
650 ## - SUBJECT ADDED ENTRY--TOPICAL TERM
Topical term or geographic name entry element Personnel, Public - Pay Plans
773 ## - HOST ITEM ENTRY
Main entry heading Administration (Ireland)
909 ## -
-- 14902
Holdings
Withdrawn status Lost status Damaged status Not for loan Permanent Location Current Location Date acquired Serial Enumeration / chronology Barcode Date last seen Price effective from Koha item type
        Indian Institute of Public Administration Indian Institute of Public Administration 2018-07-19 Volume no: 34, Issue no: 4 AR14951 2018-07-19 2018-07-19 Articles

Powered by Koha